India’s culture : (Record no. 58249)

MARC details
000 -LEADER
fixed length control field 01104nam a22002897a 4500
005 - DATE AND TIME OF LATEST TRANSACTION
control field 20111109104023.0
008 - FIXED-LENGTH DATA ELEMENTS--GENERAL INFORMATION
fixed length control field 111109t xxu||||| |||| 00| 0 eng d
010 ## - LCCN (DPL NO)
LC control number ENG-104068
020 ## - INTERNATIONAL STANDARD BOOK NUMBER
International Standard Book Number 9780198077343
Terms of availability 395.00
020 ## - INTERNATIONAL STANDARD BOOK NUMBER
International Standard Book Number 0198077343
Terms of availability 395.00
035 ## - SYSTEM CONTROL NUMBER
System control number EN-87601
037 ## - SOURCE OF ACQUISITION
Source of stock number/acquisition DBAD/PUB
040 ## - CATALOGING SOURCE
Original cataloging agency DPL
Language of cataloging Eng
082 ## - DEWEY DECIMAL CLASSIFICATION NUMBER
Classification number 306.0954
100 ## - MAIN ENTRY--PERSONAL NAME
Personal name Balmiki Prasad Singh
9 (RLIN) 35772
Dates associated with a name 1941-
245 ## - TITLE STATEMENT
Title India’s culture :
Statement of responsibility, etc by Balmiki Prasad Singh
Remainder of title the state, the arts, and beyond /
250 ## - EDITION STATEMENT
Edition statement 2nd ed
260 ## - PUBLICATION, DISTRIBUTION, ETC. (IMPRINT)
Place of publication, distribution, etc New Delhi
Name of publisher, distributor, etc Oxford University Press
Date of publication, distribution, etc 2011
270 ## - ADDRESS
Address YMCA Library Building, 1, Jai Singh Road
City New Delhi
Postal code 110001
300 ## - PHYSICAL DESCRIPTION
Extent Ixxiii,263p. , [6] leaves of plates :
Dimensions 22cm (pbk)
Other physical details ill. (some col.)
500 ## - GENERAL NOTE
General note Includes bibliographical references (p. [250]-256) and index.
600 ## - SUBJECT ADDED ENTRY--PERSONAL NAME
9 (RLIN) 35777
650 ## - SUBJECT ADDED ENTRY--TOPICAL TERM
9 (RLIN) 35779
651 ## - SUBJECT ADDED ENTRY--GEOGRAPHIC NAME
9 (RLIN) 35773
Geographic name India
General subdivision Civilization.
942 ## - ADDED ENTRY ELEMENTS (KOHA)
Source of classification or shelving scheme Dewey Decimal Classification
Item type English Books
Classification part 306.0954
Call number suffix BAL
Holdings
Withdrawn status Lost status Source of classification or shelving scheme Damaged status Not for loan Collection code Home library Current library Date acquired Source of acquisition Cost, normal purchase price Total Checkouts Full call number Barcode Date last seen Copy number Cost, replacement price Koha item type
    Dewey Decimal Classification   Not For Loan Non-fiction D.B.Act.Division D.B.Act.Division 09/11/2011 DBAD/PUB 395.00   306.0954 BAL EN-87601 09/11/2011 1 395.00 English Books

© Delhi Public Library
Hit Counter
free hit counter